000 00821nam a2200205Ii 4500
003 JO-AjNU
008 230605s9999||||xx |||||||||||||| ||und||
040 _aJO-AjNU
_bara
_erda
_cJO-AjNU
041 _aara
050 1 4 _aBP187.65.S95.T26 1985
100 3 _aتحقيق وتقديم الحافظ، محمد مطيع,
_eauthor
_939008
245 0 0 _aالجامع الأموي بدمشق : نصوص لابن جبير، والعمري، والنعيمي
250 _aط1
264 3 1 _aدمشق: دار ابن كثير، 1985
300 _a202ص
_bيتضمن فهرس الاعلام وفهرس الاماكن ص181-191
336 _atext
_btxt
_2rdacontent
337 _aunmediated
_bn
_2rdamedia
338 _avolume
_bnc
_2rdacarrier
650 4 _aالمساجد- اثار اسلامية- الجامع الاموي
_939009
999 _aA16438
_c20006
_d20006